000
00292cam a2200109ua 4500
082
_a
821
_b
GRI/OX
100
_a
Grierson, H J C .
_9
1956
245
_a
Oxford Book of Seventeenth Century Verse /
260
_a
London :
_b
Oxford at the Clarendon Press ,
_c
1958.
300
_a
971 ; .
942
_c
BK
999
_c
5134
_d
5134